000
00277nam a22001097a 4500
008
230606b xxu||||| |||| 00| 0 eng d
082
_a
351.16762
_b
PSC
245
_a
Public service commission of Kenya
_b
Service Charter
260
_c
october, 2005
300
_a
11p
942
_2
ddc
_c
BK
999
_c
618
_d
618